[Event "Trieste op 18th"]
[Site "Trieste"]
[Date "2016.09.05"]
[Round "4"]
[White "Ebels, Theo"]
[Black "Eder, Matthias"]
[Result "0-1"]
[WhiteElo "1970"]
[BlackElo "2156"]
[PlyCount "72"]
[EventDate "2016.09.03"]
[EventType "swiss"]
[EventRounds "9"]
[EventCountry "ITA"]
[SourceTitle "CBM 174 Extra"]
[Source "ChessBase"]
[SourceDate "2016.10.10"]
[SourceVersion "1"]
[SourceVersionDate "2016.10.10"]
[SourceQuality "1"]

1. d4 Nf6 2. c4 g6 3. Nc3 Bg7 4. e4 d6 5. h3 0-0 6. Bg5 c5 7. d5 b5 8. cxb5 a6 9. a4 Qa5 10. Bd2 Qb4 11. Qb1 axb5 12. Bxb5 Ba6 13. f3 c4 14. Bxa6 Nxa6 15. Nb5 Qc5 16. Ra3 Nb4 17. Be3 Qc8 18. Ne2 Nd3+ 19. Kf1 Nc5 20. Qc2 Qd7 21. Kg1 Nxa4 22. Rxa4 Qxb5 23. Rxc4 Rfb8 24. b4 Ra3 25. Bd4 Qa6 26. Nc1 Nd7 27. Bxg7 Kxg7 28. Rc6 Qa7+ 29. Kh2 Rxb4 30. Nd3 Rb7 31. Rb1 Rxb1 32. Qxb1 Qd4 33. Rc7 Rxd3 34. Rxd7 Rd1 35. Qc2 Qe5+ 36. g3 Qd4 0-1

[Event "Hoogeveen Essent op"]
[Site "Hoogeveen"]
[Date "2006.10.20"]
[Round "1"]
[White "Vul, Arkadi Eremeevich"]
[Black "Ebels, Theo"]
[Result "1-0"]
[WhiteElo "2365"]
[BlackElo "2101"]
[PlyCount "91"]
[EventDate "2006.10.21"]
[EventType "swiss"]
[EventRounds "9"]
[EventCountry "NED"]
[SourceTitle "EXT 2007"]
[Source "ChessBase"]
[SourceDate "2006.11.23"]
[SourceVersion "1"]
[SourceVersionDate "2006.11.23"]
[SourceQuality "1"]

1. Nf3 d5 2. d4 e6 3. c4 c5 4. cxd5 exd5 5. g3 Nc6 6. Bg2 Nf6 7. 0-0 Be7 8. Nc3 0-0 9. dxc5 Bxc5 10. Bg5 d4 11. Bxf6 Qxf6 12. Nd5 Qd8 13. Nd2 Bh3 14. Bxh3 Qxd5 15. Bg2 Qe6 16. Rc1 Bb6 17. a3 Rfe8 18. Re1 Rad8 19. Nc4 Ne5 20. Nxb6 Qxb6 21. b4 a5 22. Qd2 axb4 23. Qxb4 Qxb4 24. axb4 d3 25. exd3 Nxd3 26. Rxe8+ Rxe8 27. Rc4 b5 28. Rd4 Ne1 29. Re4 Rxe4 30. Bxe4 f5 31. Bxf5 Nf3+ 32. Kg2 Nd4 33. Be4 Kf7 34. f4 h6 35. Kf2 Kf6 36. Ke3 Ne6 37. Bb7 g5 38. Bc8 Nc7 39. Kd4 gxf4 40. gxf4 h5 41. h4 Ne8 42. Kc5 Ke7 43. Bh3 Nc7 44. Kc6 Kd8 45. Bf5 Ne8 46. Bg6 1-0